[Event "Montigny le Bretonneux op 24th"]
[Site "Montigny le Bretonneux"]
[Date "2022.05.28"]
[Round "5"]
[White "Faris, Marouane"]
[Black "Montay, Jean Paul"]
[Result "1-0"]
[WhiteElo "1669"]
[BlackElo "1283"]
[PlyCount "55"]
[EventDate "2022.05.26"]
[EventType "swiss"]
[EventRounds "9"]
[EventCountry "FRA"]
[SourceTitle "CBM 208 Extra"]
[Source "ChessBase"]
[SourceDate "2022.07.31"]
[SourceVersion "1"]
[SourceVersionDate "2022.07.31"]
[SourceQuality "1"]

1. e4 e5 2. Nf3 Nc6 3. Bb5 Nf6 4. 0-0 Be7 5. Re1 0-0 6. Bxc6 dxc6 7. Nxe5 Qd4 8. Nf3 Qb6 9. h3 Be6 10. Nc3 Rad8 11. Qe2 Rfe8 12. d3 h6 13. a4 a6 14. a5 Qa7 15. Nd1 Bb4 16. c3 Bf8 17. Ne3 Qc5 18. Nf1 Qe7 19. Ng3 Rd7 20. Qc2 Nh7 21. Be3 f6 22. Nh4 Qf7 23. f4 Red8 24. d4 Bb3 25. Qf2 g5 26. fxg5 Nxg5 27. Nhf5 Qg6 28. Qe2 1-0

[Event "Montigny le Bretonneux op 21st"]
[Site "Montigny le Bretonneux"]
[Date "2021.12.27"]
[Round "2"]
[White "Ries, Antoine"]
[Black "Faris, Marouane"]
[Result "0-1"]
[WhiteElo "1267"]
[BlackElo "1662"]
[PlyCount "56"]
[EventDate "2021.12.26"]
[EventType "swiss"]
[EventRounds "9"]
[EventCountry "FRA"]
[SourceTitle "EXT 2023"]
[Source "ChessBase"]
[SourceDate "2022.10.05"]
[SourceVersion "1"]
[SourceVersionDate "2022.10.05"]
[SourceQuality "1"]

1. d4 Nf6 2. Nf3 g6 3. Bf4 d5 4. e3 c5 5. Nbd2 Qb6 6. dxc5 Qxb2 7. Be5 Qb4 8. Bd4 Nc6 9. c3 Qa5 10. Bd3 Bg7 11. 0-0 0-0 12. Nb3 Qc7 13. Qc2 e5 14. Nxe5 Nxe5 15. f4 Nxd3 16. Qxd3 Bf5 17. Qe2 Be4 18. Be5 Qc8 19. Nd2 Qxc5 20. c4 Nd7 21. Bxg7 Kxg7 22. Rac1 Qe7 23. Nxe4 dxe4 24. f5 f6 25. fxg6 hxg6 26. Rf4 Nc5 27. Rcf1 Nd3 28. Rh4 Rh8 0-1

[Event "Montigny le Bretonneux Noel op 20th"]
[Site "Montigny le Bretonneux"]
[Date "2019.12.28"]
[Round "4"]
[White "Faris, Marouane"]
[Black "Rafalimanana, Hary"]
[Result "1-0"]
[WhiteElo "1563"]
[BlackElo "1210"]
[PlyCount "57"]
[EventDate "2019.12.27"]
[EventType "swiss"]
[EventRounds "7"]
[EventCountry "FRA"]
[SourceTitle "CBM 194 Extra"]
[Source "ChessBase"]
[SourceDate "2020.03.31"]
[SourceVersion "1"]
[SourceVersionDate "2020.03.31"]
[SourceQuality "1"]

1. e4 Nf6 2. e5 Nd5 3. d4 d6 4. Nf3 Bg4 5. exd6 exd6 6. Be2 Be7 7. c4 Nb6 8. Qb3 Nc6 9. Be3 0-0 10. 0-0 Re8 11. Nbd2 Bf6 12. Bd3 Rb8 13. a3 Qd7 14. d5 Ne5 15. Nxe5 Bxe5 16. Qc2 Rf8 17. Bxh7+ Kh8 18. Ne4 f5 19. Ng5 Rf6 20. f4 Bxb2 21. Qxb2 Nxc4 22. Qd4 Nxe3 23. Qxe3 b6 24. Rae1 Bh5 25. Qh3 Rh6 26. Bxf5 Qb5 27. Re6 Bg6 28. Nf7+ Kg8 29. Nxh6+ 1-0